|
|
|
|
| LEADER |
00913nam a2200289 4500 |
| 001 |
DLU060051645 |
| 040 |
# |
# |
|a DLU
|b vie
|
| 041 |
# |
# |
|a vie
|
| 044 |
# |
# |
|a vn
|
| 100 |
# |
# |
|a Đặng Thị Hoa, Khổng Thị Kim Anh
|
| 245 |
# |
# |
|a Lễ cúng chữa bệnh người HMông Trắng (nghiên cứu ở bản Mô Cổng, xã Phỏng Lái, huyện Thuận Châu, tinh Sơn La) /
|c Đặng Thị Hoa, Khổng Thị Kim Anh
|
| 653 |
# |
# |
|a Đời sống tâm linh
|
| 653 |
# |
# |
|a Cúng bái
|
| 653 |
# |
# |
|a HMông Trắng
|
| 653 |
# |
# |
|a Tín ngưỡng
|
| 773 |
# |
# |
|t Dân tộc học
|g Số 1, 2004, tr.30-35
|
| 920 |
# |
# |
|a Phòng Tạp chí -- Trung tâm Thông tin - Thư viện Trường Đại học Đà Lạt
|
| 933 |
# |
# |
|a CT, TN
|
| 994 |
# |
# |
|a DLU
|
| 900 |
# |
# |
|a True
|
| 911 |
# |
# |
|a Nguyễn Thị Yên
|
| 925 |
# |
# |
|a G
|
| 926 |
# |
# |
|a A
|
| 927 |
# |
# |
|a BB
|
| 980 |
# |
# |
|a Thư viện Trường Đại học Đà Lạt
|